[Event "RUS-chT rapid"]
[Site "Sochi"]
[Date "2019.10.18"]
[Round "2.4"]
[White "Ozgibcev, Anatoly"]
[Black "Popov, Ivan1111"]
[Result "0-1"]
[WhiteElo "2367"]
[BlackElo "2611"]
[PlyCount "70"]
[EventDate "2019.10.18"]
[EventType "team-swiss (rapid)"]
[EventRounds "9"]
[EventCountry "RUS"]
[SourceTitle "CBM 192 Extra"]
[Source "Chessbase"]
[SourceDate "2019.11.06"]
[SourceVersion "1"]
[SourceVersionDate "2019.11.06"]
[SourceQuality "1"]
[WhiteTeam "Nizhny Tagil Politekhnik"]
[BlackTeam "Moscow CT (SCM)"]
[WhiteTeamCountry "RUS"]
[BlackTeamCountry "RUS"]

1. e4 c6 2. d4 d5 3. exd5 cxd5 4. c3 Nc6 5. Bd3 g6 6. Nf3 Bg7 7. Bf4 Nf6 8. 0-0 Bf5 9. Re1 0-0 10. Qc2 Bxd3 11. Qxd3 e6 12. Nbd2 Nd7 13. Re2 a6 14. a4 Rc8 15. h3 Na5 16. Qe3 b5 17. axb5 axb5 18. Bh6 b4 19. Bxg7 Kxg7 20. Ne5 bxc3 21. bxc3 Nxe5 22. Qxe5+ Kg8 23. Re3 Nc6 24. Qf4 Kg7 25. h4 Qc7 26. Qg4 Ra8 27. Rxa8 Rxa8 28. g3 Ra1+ 29. Kg2 h5 30. Qf3 Nxd4 31. cxd4 Qc1 32. Kh2 Qxd2 33. Rd3 Qe1 34. Kh3 Qf1+ 35. Kh2 Ra2 0-1

[Event "RUS-ch rapid"]
[Site "Sochi"]
[Date "2019.10.15"]
[Round "2"]
[White "Nozdrachev, Vladislav"]
[Black "Ozgibcev, Anatoly"]
[Result "1-0"]
[WhiteElo "2494"]
[BlackElo "2367"]
[PlyCount "105"]
[EventDate "2019.10.15"]
[EventType "swiss"]
[EventRounds "11"]
[EventCountry "RUS"]
[SourceTitle "CBM 192 Extra"]
[Source "Chessbase"]
[SourceDate "2019.11.06"]
[SourceVersion "1"]
[SourceVersionDate "2019.11.06"]
[SourceQuality "1"]

1. e4 e5 2. Nf3 Nc6 3. Bc4 Nf6 4. d3 Be7 5. 0-0 0-0 6. Re1 d6 7. a4 Be6 8. a5 a6 9. Nc3 h6 10. Nd5 Bxd5 11. exd5 Nd4 12. Nxd4 exd4 13. Qf3 Nd7 14. Qg4 Ne5 15. Qxd4 Bf6 16. Qe4 Re8 17. Bd2 Qd7 18. Bb3 Ng4 19. Ba4 Rxe4 20. Bxd7 Rxe1+ 21. Rxe1 Ne5 22. Ba4 Ng6 23. b4 Kf8 24. g3 Ne7 25. Bb3 Rc8 26. c3 c6 27. dxc6 Rxc6 28. d4 d5 29. Kf1 Bg5 30. f4 Bf6 31. Ke2 h5 32. Kd3 g6 33. h3 Rd6 34. g4 hxg4 35. hxg4 Rd8 36. Bc1 Nc6 37. Rf1 Kg8 38. f5 g5 39. Rh1 Kf8 40. Rh5 Ke7 41. Bxg5 Rg8 42. Bxf6+ Kxf6 43. Bxd5 Rxg4 44. Bxc6 bxc6 45. Rh6+ Kxf5 46. Rxc6 Kg5 47. Rxa6 f5 48. Rc6 Rg1 49. a6 Ra1 50. b5 Rd1+ 51. Ke2 Ra1 52. Rc8 f4 53. b6 1-0

[Event "RUS-chT2"]
[Site "Sochi"]
[Date "2019.05.08"]
[Round "7.2"]
[White "Ozgibcev, Anatoly"]
[Black "Potapov, Alexey"]
[Result "1/2-1/2"]
[WhiteElo "2368"]
[BlackElo "2370"]
[PlyCount "159"]
[EventDate "2019.05.01"]
[EventType "team-swiss"]
[EventRounds "9"]
[EventCountry "RUS"]
[SourceTitle "CBM 190 Extra"]
[Source "ChessBase"]
[SourceDate "2019.07.15"]
[SourceVersion "1"]
[SourceVersionDate "2019.07.15"]
[SourceQuality "1"]
[WhiteTeam "Sverdlovsk Region"]
[BlackTeam "Smolensk Metrum Group"]
[WhiteTeamCountry "RUS"]
[BlackTeamCountry "RUS"]

1. e4 c6 2. d3 e5 3. Nf3 Nf6 4. Nbd2 Qc7 5. c3 Be7 6. Be2 0-0 7. 0-0 d5 8. Re1 dxe4 9. dxe4 Rd8 10. Qc2 Nbd7 11. h3 Nf8 12. Nc4 Ng6 13. a4 b6 14. Bf1 h6 15. Ne3 Be6 16. Bc4 Bxc4 17. Nxc4 b5 18. Ne3 Bf8 19. Nf5 Nd7 20. Be3 Nb6 21. axb5 cxb5 22. Bxb6 Qxb6 23. Ne3 a5 24. Red1 Rxd1+ 25. Rxd1 a4 26. Nd5 Qc6 27. Qe2 f6 28. g3 Rb8 29. Rd2 Kh7 30. Kg2 Rb7 31. h4 Nh8 32. h5 Nf7 33. Nh4 Nd6 34. Ng6 Qc8 35. Nde7 Bxe7 36. Nxe7 Rxe7 37. Rxd6 Rb7 38. Qd1 Qc4 39. Qg4 Rb8 40. Rd7 Rg8 41. Rb7 a3 42. bxa3 Qxc3 43. Rb6 Kh8 44. Qg6 Rf8 45. Rb7 Rg8 46. Rf7 Qxa3 47. Rxf6 Rf8 48. Rxf8+ Qxf8 49. Qb6 Qe8 50. g4 Kh7 51. Qd6 Kg8 52. f3 Kf7 53. Qg6+ Kf8 54. Qb6 Ke7 55. Qc7+ Kf8 56. Qd6+ Kf7 57. Qg6+ Kf8 58. Qb6 Kf7 59. Kf2 Qd7 60. Ke2 Ke7 61. Qc5+ Kf6 62. Qb6+ Ke7 63. Ke3 Kf7 64. Ke2 Ke7 65. Qc5+ Kf6 66. Qb6+ Ke7 67. Qb8 Kf6 68. Qb6+ Ke7 69. Qc5+ Kf6 70. Ke3 Ke6 71. Qb6+ Ke7 72. Ke2 Kf7 73. Qg6+ Kf8 74. Qb6 Ke7 75. Qc5+ Kf6 76. Ke3 Ke6 77. Qb6+ Ke7 78. Ke2 Kf7 79. Qb8 Kf6 80. Qb6+ 1/2-1/2

[Event "RUS-chT2"]
[Site "Sochi"]
[Date "2019.05.05"]
[Round "5.2"]
[White "Ozgibcev, Anatoly"]
[Black "Tsoi, Dmitry"]
[Result "1/2-1/2"]
[WhiteElo "2368"]
[BlackElo "2317"]
[PlyCount "130"]
[EventDate "2019.05.01"]
[EventType "team-swiss"]
[EventRounds "9"]
[EventCountry "RUS"]
[SourceTitle "CBM 190 Extra"]
[Source "ChessBase"]
[SourceDate "2019.07.15"]
[SourceVersion "1"]
[SourceVersionDate "2019.07.15"]
[SourceQuality "1"]
[WhiteTeam "Sverdlovsk Region"]
[BlackTeam "Moscow Summer Sports"]
[WhiteTeamCountry "RUS"]
[BlackTeamCountry "RUS"]

1. e4 e5 2. Nf3 d6 3. d4 exd4 4. Nxd4 Nf6 5. Nc3 Be7 6. Bc4 0-0 7. 0-0 Nc6 8. Bf4 Bd7 9. Nxc6 Bxc6 10. e5 dxe5 11. Bxe5 Nd7 12. Bd4 Bf6 13. Bxf6 Qxf6 14. Bd5 Rad8 15. Bxc6 Qxc6 16. Qh5 Nf6 17. Qb5 Qxb5 18. Nxb5 Rd2 19. Rac1 Ne4 20. f3 Nc5 21. Rfd1 Rfd8 22. Rxd2 Rxd2 23. Nc3 h5 24. Nb1 Rd6 25. Nc3 Rb6 26. b3 Ne6 27. Nd5 Ra6 28. a4 Ra5 29. Rd1 Rc5 30. Rd2 a5 31. Ne3 c6 32. Nc4 h4 33. Kf2 Nf4 34. Rd8+ Kh7 35. Rd7 b5 36. axb5 cxb5 37. Ne3 f6 38. Ra7 Nd5 39. Nxd5 Rxd5 40. Rxa5 Rd2+ 41. Kf1 Rxc2 42. Rxb5 Kh6 43. h3 Rb2 44. Rb4 Kh5 45. Rg4 Rb1+ 46. Kf2 Rb2+ 47. Kg1 Rb1+ 48. Kh2 g6 49. Rb4 Kg5 50. Rg4+ Kh5 51. Rf4 Kg5 52. Rb4 Rb2 53. Rb5+ f5 54. Rb4 f4 55. Rb8 Rb1 56. Rb6 Kf5 57. Rb5+ Kf6 58. b4 g5 59. Rb7 Kg6 60. b5 Kf6 61. Rb6+ Kg7 62. Rb8 Kh7 63. b6 Kg7 64. Rb7+ Kg6 65. Rb8 Kf5 1/2-1/2

[Event "RUS-chT2"]
[Site "Sochi"]
[Date "2019.05.04"]
[Round "4.2"]
[White "Novikov, Stanislav"]
[Black "Ozgibcev, Anatoly"]
[Result "1-0"]
[WhiteElo "2535"]
[BlackElo "2368"]
[PlyCount "49"]
[EventDate "2019.05.01"]
[EventType "team-swiss"]
[EventRounds "9"]
[EventCountry "RUS"]
[SourceTitle "CBM 190 Extra"]
[Source "ChessBase"]
[SourceDate "2019.07.15"]
[SourceVersion "1"]
[SourceVersionDate "2019.07.15"]
[SourceQuality "1"]
[WhiteTeam "Moscow Botvinnik School"]
[BlackTeam "Sverdlovsk Region"]
[WhiteTeamCountry "RUS"]
[BlackTeamCountry "RUS"]

1. e4 d5 2. Nc3 Nf6 3. e5 d4 4. exf6 dxc3 5. bxc3 exf6 6. d4 Bd6 7. Bd3 0-0 8. Ne2 Re8 9. 0-0 b6 10. a4 Nc6 11. Ng3 Bxg3 12. hxg3 Qd5 13. Rb1 a6 14. Bf4 Bb7 15. c4 Qd7 16. c3 Na5 17. Qh5 g6 18. Qh4 Qxa4 19. d5 Qd7 20. Rfe1 Rxe1+ 21. Rxe1 Qd8 22. Bh6 Qd6 23. Re6 Qa3 24. Qxf6 Qc1+ 25. Bxc1 1-0

[Event "RUS-chT blitz"]
[Site "Sochi"]
[Date "2018.10.10"]
[Round "12.1"]
[White "Dubov, Daniil"]
[Black "Ozgibcev, Anatoly"]
[Result "1-0"]
[WhiteElo "2703"]
[BlackElo "2368"]
[PlyCount "75"]
[EventDate "2018.10.10"]
[EventType "team-swiss (blitz)"]
[EventRounds "15"]
[EventCountry "RUS"]
[SourceTitle "CBM 186 Extra"]
[Source "ChessBase"]
[SourceDate "2018.08.24"]
[SourceVersion "1"]
[SourceVersionDate "2018.08.24"]
[SourceQuality "1"]
[WhiteTeam "Moscow Nosorogi"]
[BlackTeam "Nizhny Tagil Politekhnik"]
[WhiteTeamCountry "RUS"]
[BlackTeamCountry "RUS"]

1. Nf3 d5 2. e3 c5 3. c4 e6 4. b3 Nc6 5. cxd5 exd5 6. Bb2 Nf6 7. Be2 Be7 8. 0-0 0-0 9. d4 Ne4 10. Nbd2 Bf6 11. Ne5 Qa5 12. Nxe4 dxe4 13. Nc4 Qc7 14. dxc5 Bxb2 15. Nxb2 Rd8 16. Qc1 Be6 17. Qc3 a5 18. Nc4 Nb4 19. Nb6 Nd5 20. Nxa8 Rxa8 21. Qd4 Nb4 22. Qd6 Qc8 23. Rfd1 h6 24. Qe5 Bg4 25. Bxg4 Qxg4 26. h3 Qh4 27. g3 Qxh3 28. Qxe4 Qc8 29. a3 Nc6 30. b4 Qf8 31. b5 Re8 32. Qg2 Ne5 33. c6 bxc6 34. bxc6 Qe7 35. Rac1 Qf6 36. c7 Nf3+ 37. Qxf3 Qxf3 38. Rd8 1-0

[Event "RUS-chT rapid"]
[Site "Sochi"]
[Date "2018.10.09"]
[Round "7.6"]
[White "Triapishko, Alexandr"]
[Black "Ozgibcev, Anatoly"]
[Result "1-0"]
[WhiteElo "2508"]
[BlackElo "2368"]
[PlyCount "161"]
[EventDate "2018.10.08"]
[EventType "team-swiss (rapid)"]
[EventRounds "9"]
[EventCountry "RUS"]
[SourceTitle "CBM 186 Extra"]
[Source "ChessBase"]
[SourceDate "2018.08.24"]
[SourceVersion "1"]
[SourceVersionDate "2018.08.24"]
[SourceQuality "1"]
[WhiteTeam "Krym Nash"]
[BlackTeam "Nizhny Tagil Politekhnik"]
[WhiteTeamCountry "RUS"]
[BlackTeamCountry "RUS"]

1. e4 e5 2. Nf3 Nc6 3. Bb5 Nge7 4. 0-0 g6 5. c3 Bg7 6. d4 exd4 7. cxd4 d5 8. exd5 Nxd5 9. Re1+ Be6 10. Bg5 Qd6 11. Nbd2 0-0 12. Ne4 Qb4 13. Bxc6 bxc6 14. Qd2 Rab8 15. b3 Bf5 16. Ng3 Be6 17. Rac1 Qxd2 18. Bxd2 Nb4 19. Bxb4 Rxb4 20. Rxc6 Bd5 21. Rxc7 Bxf3 22. gxf3 Bxd4 23. Re4 Rd8 24. Ne2 Bb6 25. Rxb4 Bxc7 26. Rd4 Re8 27. Rd2 Ba5 28. Rc2 Rd8 29. Kg2 Rd3 30. f4 Kg7 31. Ng3 f5 32. Nf1 Bb6 33. Ne3 Rd7 34. Nc4 Bd8 35. Ne5 Rb7 36. Kf3 Bf6 37. Rd2 h6 38. Nc4 Re7 39. Rd5 Bc3 40. Ne3 Rc7 41. Rd6 Bb4 42. Ra6 Bc5 43. Nc4 g5 44. fxg5 hxg5 45. h3 Rd7 46. Ra5 Rc7 47. a3 Kg6 48. Ne5+ Kh5 49. Nc4 Kg6 50. Ra6+ Kh5 51. Rf6 g4+ 52. hxg4+ fxg4+ 53. Kg3 Kg5 54. Rf4 Rd7 55. Rxg4+ Kh5 56. Rh4+ Kg5 57. f4+ Kf6 58. Rh6+ Kg7 59. Rc6 Rd3+ 60. Kg4 Bf2 61. b4 Kf8 62. Kf5 Ke7 63. Re6+ Kf8 64. Ra6 Rd4 65. Ne5 Rd1 66. Rc6 Ke7 67. Rc7+ Kd8 68. Rc2 Be3 69. Ke6 Rc1 70. Nf7+ Ke8 71. Nd6+ Kd8 72. Nb7+ Ke8 73. Re2 Rc3 74. f5 Bg5 75. f6 Kf8 76. Nc5 Bxf6 77. Nd7+ Kg7 78. Rg2+ Kh6 79. Nxf6 Rc6+ 80. Kf5 Rc5+ 81. bxc5 1-0

[Event "RUS-chT rapid"]
[Site "Sochi"]
[Date "2018.10.08"]
[Round "5.1"]
[White "Chigaev, Maksim"]
[Black "Ozgibcev, Anatoly"]
[Result "1-0"]
[WhiteElo "2599"]
[BlackElo "2368"]
[PlyCount "135"]
[EventDate "2018.10.08"]
[EventType "team-swiss (rapid)"]
[EventRounds "9"]
[EventCountry "RUS"]
[SourceTitle "CBM 186 Extra"]
[Source "ChessBase"]
[SourceDate "2018.08.24"]
[SourceVersion "1"]
[SourceVersionDate "2018.08.24"]
[SourceQuality "1"]
[WhiteTeam "Sochi Archibald Chess"]
[BlackTeam "Nizhny Tagil Politekhnik"]
[WhiteTeamCountry "RUS"]
[BlackTeamCountry "RUS"]

1. e4 e5 2. Bc4 Nf6 3. d3 Nc6 4. Nf3 Be7 5. 0-0 0-0 6. a4 d6 7. a5 a6 8. h3 Be6 9. Re1 h6 10. Nc3 Re8 11. Nd5 Bf8 12. c3 Bxd5 13. exd5 Ne7 14. Qb3 Rb8 15. Nd2 Nd7 16. Qd1 g6 17. Nf3 Bg7 18. d4 Nf5 19. Bd3 Nh4 20. Nxh4 Qxh4 21. dxe5 Nxe5 22. Bf1 Nd7 23. Be3 Kh7 24. Ra4 Qe7 25. Bd2 Qf8 26. Rxe8 Rxe8 27. Rc4 Rc8 28. Rb4 Nc5 29. Be3 Rb8 30. Rc4 b5 31. axb6 cxb6 32. h4 b5 33. Rf4 h5 34. g4 Be5 35. Rb4 hxg4 36. Qxg4 f5 37. Qf3 a5 38. Rxb5 Rxb5 39. Bxb5 Qb8 40. Qe2 Qd8 41. Bxc5 Qxh4 42. f4 Bxf4 43. Bd4 Kh6 44. Qf3 Qe1+ 45. Bf1 g5 46. Qf2 Qc1 47. Qe2 g4 48. Qe6+ Kh5 49. Qxf5+ Bg5 50. Qf7+ Kh4 51. Qh7+ Bh6 52. Qe7+ Kh5 53. Qe8+ Kh4 54. Qe7+ Kh5 55. Bf2 Bg5 56. Qh7+ Bh6 57. Qf5+ Bg5 58. Qf7+ Kh6 59. Qe6+ Kh5 60. Kg2 Qf4 61. Be2 a4 62. Bg3 Qd2 63. Qxg4+ Kh6 64. Qe6+ Kh7 65. Kh3 Qxb2 66. Qf7+ Kh8 67. Qh5+ Kg7 68. Qxg5+ 1-0

[Event "RUS-ch blitz"]
[Site "Sochi"]
[Date "2018.10.07"]
[Round "7.19"]
[White "Kryakvin, Dmitry"]
[Black "Ozgibcev, Anatoly"]
[Result "1-0"]
[WhiteElo "2595"]
[BlackElo "2368"]
[PlyCount "69"]
[EventDate "2018.10.07"]
[EventType "swiss (blitz)"]
[EventRounds "20"]
[EventCountry "RUS"]
[SourceTitle "CBM 186 Extra"]
[Source "ChessBase"]
[SourceDate "2018.08.24"]
[SourceVersion "1"]
[SourceVersionDate "2018.08.24"]
[SourceQuality "1"]

1. d4 d5 2. c4 e6 3. Nf3 c5 4. cxd5 exd5 5. Bg5 Qa5+ 6. Nc3 Be6 7. e3 Nc6 8. Bb5 a6 9. Bxc6+ bxc6 10. 0-0 c4 11. Bf4 Bb4 12. Ne5 Bxc3 13. bxc3 Rc8 14. Qd2 Nf6 15. f3 0-0 16. Rab1 Bf5 17. Rb7 Nh5 18. g4 Nxf4 19. exf4 f6 20. gxf5 fxe5 21. fxe5 Rxf5 22. e6 Re8 23. Re1 Qa3 24. e7 Qd6 25. Qe2 Qf6 26. Kg2 Qg5+ 27. Kh1 Qf6 28. Rc7 h6 29. a4 Rxf3 30. Rxc6 Qxc6 31. Qxf3 Qd6 32. Qe2 Kf7 33. Qh5+ g6 34. Qxh6 Qf6 35. Qh7+ 1-0

[Event "RUS-chT2"]
[Site "Sochi"]
[Date "2018.05.08"]
[Round "7.6"]
[White "Truskavetsky, Alexandr"]
[Black "Ozgibcev, Anatoly"]
[Result "1/2-1/2"]
[WhiteElo "2387"]
[BlackElo "2376"]
[PlyCount "82"]
[EventDate "2018.05.01"]
[EventType "team-swiss"]
[EventRounds "9"]
[EventCountry "RUS"]
[SourceTitle "CBM 184 Extra"]
[Source "ChessBase"]
[SourceDate "2018.06.28"]
[SourceVersion "1"]
[SourceVersionDate "2018.06.28"]
[SourceQuality "1"]
[WhiteTeam "Cimmeria"]
[BlackTeam "Sverdlovsk Region"]
[WhiteTeamCountry "RUS"]
[BlackTeamCountry "RUS"]

1. d4 d5 2. Bf4 Nf6 3. e3 c6 4. Bd3 Bg4 5. Nf3 e6 6. Nbd2 Nbd7 7. h3 Bh5 8. 0-0 Bg6 9. Bxg6 hxg6 10. c4 Bb4 11. Qb3 Bxd2 12. Nxd2 Qb6 13. Qa3 c5 14. cxd5 Nxd5 15. dxc5 Qxc5 16. Bd6 Qxa3 17. Bxa3 b5 18. e4 N5b6 19. Rfc1 f6 20. Bc5 Rc8 21. Bxb6 Nxb6 22. Rxc8+ Nxc8 23. Rc1 Kd7 24. e5 Nb6 25. Ne4 Nd5 26. Nc3 Rb8 27. Nxd5 exd5 28. Rc5 Ke6 29. exf6 Kd6 30. Rc3 gxf6 31. Kf1 b4 32. Rf3 Ke5 33. Ke2 Rc8 34. Re3+ Kd6 35. Kd2 g5 36. Rf3 Ke6 37. Re3+ Kd6 38. Rf3 Ke6 39. Re3+ Kd6 40. Rf3 Ke6 41. Re3+ Kd6 1/2-1/2

[Event "RUS-chT2"]
[Site "Sochi"]
[Date "2018.05.05"]
[Round "5.5"]
[White "Ozgibcev, Anatoly"]
[Black "Rodin, Dmitrij"]
[Result "0-1"]
[WhiteElo "2376"]
[BlackElo "2412"]
[PlyCount "74"]
[EventDate "2018.05.01"]
[EventType "team-swiss"]
[EventRounds "9"]
[EventCountry "RUS"]
[SourceTitle "CBM 184 Extra"]
[Source "ChessBase"]
[SourceDate "2018.06.28"]
[SourceVersion "1"]
[SourceVersionDate "2018.06.28"]
[SourceQuality "1"]
[WhiteTeam "Sverdlovsk Region"]
[BlackTeam "Smolensk Region Monastyr"]
[WhiteTeamCountry "RUS"]
[BlackTeamCountry "RUS"]

1. e4 c5 2. c3 Nf6 3. e5 Nd5 4. d4 cxd4 5. Nf3 Nc6 6. Bc4 e6 7. cxd4 d6 8. 0-0 Nb6 9. Bb3 Be7 10. Nc3 0-0 11. Qe2 d5 12. Bc2 Bd7 13. Qd3 g6 14. Qe3 f6 15. Qh6 Rf7 16. Re1 Rc8 17. Qh3 Bf8 18. exf6 Qxf6 19. Bg5 Qg7 20. Ne5 Nxe5 21. dxe5 d4 22. Ne4 Rxc2 23. Qd3 Rxb2 24. Bf6 Qh6 25. Bg5 Qh5 26. Bc1 Bb5 27. Qg3 Re2 28. Bg5 Rxe1+ 29. Rxe1 Nd5 30. Qb3 Bc6 31. h4 h6 32. Bd8 Qf5 33. f3 Be7 34. Bxe7 Rxe7 35. Qa3 Qxe5 36. Qxa7 Nc3 37. Qb8+ Qxb8 0-1

[Event "RUS-chT2"]
[Site "Sochi"]
[Date "2018.05.04"]
[Round "4.4"]
[White "Zhurikhin, Alexander"]
[Black "Ozgibcev, Anatoly"]
[Result "1/2-1/2"]
[WhiteElo "2371"]
[BlackElo "2376"]
[PlyCount "88"]
[EventDate "2018.05.01"]
[EventType "team-swiss"]
[EventRounds "9"]
[EventCountry "RUS"]
[SourceTitle "CBM 184 Extra"]
[Source "ChessBase"]
[SourceDate "2018.06.28"]
[SourceVersion "1"]
[SourceVersionDate "2018.06.28"]
[SourceQuality "1"]
[WhiteTeam "Voronezh Region"]
[BlackTeam "Sverdlovsk Region"]
[WhiteTeamCountry "RUS"]
[BlackTeamCountry "RUS"]

1. e4 e5 2. Nf3 Nc6 3. Bb5 Nf6 4. d3 d6 5. 0-0 Be7 6. Re1 Bd7 7. c3 0-0 8. Nbd2 Re8 9. Nf1 Bf8 10. Ng3 g6 11. h3 Bg7 12. Ba4 Na5 13. Bc2 c5 14. d4 cxd4 15. cxd4 exd4 16. Nxd4 Qb6 17. Nb3 Nxb3 18. Bxb3 Be6 19. Be3 Bxb3 20. axb3 Qc6 21. Rc1 Qb5 22. Bd4 a6 23. Qf3 Re6 24. Rc7 Qb4 25. Rd1 Rae8 26. Nf1 h5 27. g3 Rb8 28. Kg2 Rbe8 29. Rd3 Qb5 30. Rdc3 Rf8 31. Nd2 Qe8 32. e5 dxe5 33. Bc5 e4 34. Qe2 Nd5 35. Bxf8 Nxc3 36. bxc3 Qxf8 37. Nxe4 Qe8 38. f3 f5 39. Qc4 b5 40. Rxg7+ Kxg7 41. Qd4+ Kg8 42. Nf6+ Rxf6 43. Qxf6 Qe2+ 44. Kg1 Qe1+ 1/2-1/2

[Event "RUS-chT2"]
[Site "Sochi"]
[Date "2018.05.01"]
[Round "1.10"]
[White "Ozgibcev, Anatoly"]
[Black "Bogachkova, Alena"]
[Result "1-0"]
[WhiteElo "2376"]
[BlackElo "2110"]
[PlyCount "79"]
[EventDate "2018.05.01"]
[EventType "team-swiss"]
[EventRounds "9"]
[EventCountry "RUS"]
[SourceTitle "CBM 184 Extra"]
[Source "ChessBase"]
[SourceDate "2018.06.28"]
[SourceVersion "1"]
[SourceVersionDate "2018.06.28"]
[SourceQuality "1"]
[WhiteTeam "Sverdlovsk Region"]
[BlackTeam "Moscow Law Faculty"]
[WhiteTeamCountry "RUS"]
[BlackTeamCountry "RUS"]

1. Nf3 d5 2. g3 Nf6 3. Bg2 Bf5 4. 0-0 h6 5. c4 c6 6. cxd5 cxd5 7. Qb3 Qc8 8. d3 Nc6 9. Bf4 g5 10. Be3 Bg7 11. Nc3 Qd7 12. Nd4 Bg6 13. Nxc6 bxc6 14. Bc5 0-0 15. Qa3 Rfe8 16. e4 Qb7 17. Rac1 e6 18. Rc2 a5 19. b3 Nd7 20. Na4 Ne5 21. d4 Nd7 22. Re2 Qb5 23. Rfe1 Nxc5 24. dxc5 dxe4 25. Bxe4 Bxe4 26. Rxe4 Rad8 27. Qc1 Rd5 28. Rc4 Red8 29. Nc3 Bxc3 30. Qxc3 Rf5 31. a4 Qb8 32. b4 axb4 33. Rxb4 Qa7 34. Re5 Rd1+ 35. Kg2 Qa6 36. Re1 Rxe1 37. Rb8+ Kh7 38. Rh8+ Kg6 39. Rg8+ Kh5 40. g4+ 1-0

[Event "RUS-chT blitz"]
[Site "Sochi"]
[Date "2017.10.05"]
[Round "2"]
[White "Barskij, Vladimir"]
[Black "Ozgibcev, Anatoly"]
[Result "0-1"]
[WhiteElo "2386"]
[BlackElo "2376"]
[PlyCount "82"]
[EventDate "2017.10.05"]
[EventType "team-swiss (blitz)"]
[EventRounds "15"]
[EventCountry "RUS"]
[SourceTitle "CBM 181 Extra"]
[Source "ChessBase"]
[SourceDate "2017.12.12"]
[SourceVersion "1"]
[SourceVersionDate "2017.12.12"]
[SourceQuality "1"]
[WhiteTeam "Moscow Gogol Mogol"]
[BlackTeam "Sverdlovskaya Politechnik"]
[WhiteTeamCountry "RUS"]
[BlackTeamCountry "RUS"]

1. e4 e5 2. Nc3 Nf6 3. f4 d5 4. fxe5 Nxe4 5. Qf3 f5 6. d3 Nxc3 7. bxc3 c5 8. Qg3 Nc6 9. Nf3 g6 10. Be2 Bg7 11. 0-0 0-0 12. d4 Re8 13. a4 Qb6 14. Be3 Qa5 15. Bd2 Qb6 16. Be3 Qa5 17. Bd2 Qc7 18. h4 Be6 19. h5 Bf7 20. hxg6 Bxg6 21. Be3 Qa5 22. Ra3 Rac8 23. Nh4 Ne7 24. Bg5 Qb6 25. Bxe7 Rxe7 26. Nxf5 Bxf5 27. Rxf5 cxd4 28. a5 Qc5 29. cxd4 Qxd4+ 30. Kh1 Rxe5 31. Rd3 Qa1+ 32. Rd1 Qb2 33. Rf3 Rxe2 34. Rdf1 Qe5 35. Qg4 Re8 36. Rf7 Re4 37. Qd7 Rh4+ 38. Kg1 Qh2+ 39. Kf2 Rf4+ 40. Rxf4 Qxf4+ 41. Kg1 Bd4+ 0-1

[Event "RUS-chT blitz"]
[Site "Sochi"]
[Date "2017.10.05"]
[Round "5"]
[White "Motylev, Alexander"]
[Black "Ozgibcev, Anatoly"]
[Result "1-0"]
[WhiteElo "2675"]
[BlackElo "2376"]
[PlyCount "66"]
[EventDate "2017.10.05"]
[EventType "team-swiss (blitz)"]
[EventRounds "15"]
[EventCountry "RUS"]
[SourceTitle "CBM 181 Extra"]
[Source "ChessBase"]
[SourceDate "2017.12.12"]
[SourceVersion "1"]
[SourceVersionDate "2017.12.12"]
[SourceQuality "1"]
[WhiteTeam "Legends of Moscow"]
[BlackTeam "Sverdlovskaya Politechnik"]
[WhiteTeamCountry "RUS"]
[BlackTeamCountry "RUS"]

1. e4 e5 2. Nf3 Nc6 3. Bb5 Nge7 4. c3 a6 5. Ba4 g6 6. d4 exd4 7. cxd4 Bg7 8. d5 Na5 9. Nbd2 b5 10. Bc2 0-0 11. 0-0 d6 12. Rb1 c5 13. b3 Bd7 14. Re1 b4 15. Bd3 Bb5 16. Qe2 Bxd3 17. Qxd3 Re8 18. a3 Bc3 19. Bb2 Bxb2 20. Rxb2 Rb8 21. Ra2 Qb6 22. Rea1 c4 23. bxc4 b3 24. Rb2 Qc5 25. Nd4 f5 26. exf5 Nxf5 27. Nxf5 gxf5 28. h3 Re5 29. Qc3 Rbe8 30. Nxb3 Qxc4 31. Qxa5 Re1+ 32. Rxe1 Rxe1+ 33. Qxe1 Qxd5 1-0

[Event "RUS-chT blitz"]
[Site "Sochi"]
[Date "2017.10.05"]
[Round "15"]
[White "Ozgibcev, Anatoly"]
[Black "Gogolev, Artem"]
[Result "0-1"]
[WhiteElo "2376"]
[BlackElo "2427"]
[PlyCount "120"]
[EventDate "2017.10.05"]
[EventType "team-swiss (blitz)"]
[EventRounds "15"]
[EventCountry "RUS"]
[SourceTitle "CBM 181 Extra"]
[Source "ChessBase"]
[SourceDate "2017.12.12"]
[SourceVersion "1"]
[SourceVersionDate "2017.12.12"]
[SourceQuality "1"]
[WhiteTeam "Sverdlovskaya Politechnik"]
[BlackTeam "Vologda Region"]
[WhiteTeamCountry "RUS"]
[BlackTeamCountry "RUS"]

1. e4 c5 2. c3 d5 3. exd5 Qxd5 4. d4 Nc6 5. dxc5 Qxd1+ 6. Kxd1 a5 7. Be3 e5 8. Nf3 Bg4 9. Nbd2 0-0-0 10. Kc2 Bf5+ 11. Kb3 Nge7 12. Nc4 Be6 13. Ng5 Bd5 14. Kc2 f6 15. Nb6+ Kc7 16. Nxd5+ Rxd5 17. Bc4 fxg5 18. Bxd5 Nxd5 19. Bxg5 Bxc5 20. f3 h6 21. Bd2 Be3 22. Rhe1 Bxd2 23. Kxd2 Rd8 24. Kc2 Nf4 25. g3 Ng6 26. Rad1 Rf8 27. Rd3 Rf7 28. a4 h5 29. h4 Nge7 30. g4 hxg4 31. fxg4 Rf4 32. Rg3 Rf2+ 33. Kc1 Ng6 34. h5 Nf4 35. Kb1 Kb6 36. Rh1 Kc5 37. b3 e4 38. g5 Nxh5 39. Rxh5 g6 40. Rh4 Kd5 41. Re3 Rg2 42. Rhxe4 Rxg5 43. Re8 Rg2 44. Rd3+ Kc5 45. Re6 g5 46. Kc1 g4 47. Rg6 Kb6 48. Re3 Rg1+ 49. Kc2 Rg2+ 50. Kc1 Rg1+ 51. Kb2 Rg2+ 52. Ka3 Kc7 53. Re4 Rc2 54. Rexg4 Rxc3 55. Rc4 Rd3 56. Rg7+ Kb6 57. Rg6 Rd2 58. Rg5 Ka6 59. Rb5 Nb4 60. Rbxb4 axb4+ 0-1

[Event "RUS-chT rapid"]
[Site "Sochi"]
[Date "2017.10.04"]
[Round "7.4"]
[White "Ozgibcev, Anatoly"]
[Black "Zajchikov, Andrey"]
[Result "1-0"]
[WhiteElo "2376"]
[BlackElo "2202"]
[PlyCount "137"]
[EventDate "2017.10.03"]
[EventType "team-swiss (rapid)"]
[EventRounds "9"]
[EventCountry "RUS"]
[SourceTitle "EXT 2018"]
[Source "ChessBase"]
[SourceDate "2017.10.13"]
[SourceVersion "1"]
[SourceVersionDate "2017.10.13"]
[SourceQuality "1"]
[WhiteTeam "Sverdlovskaya Politechnik"]
[BlackTeam "Stavropol Region"]
[WhiteTeamCountry "RUS"]
[BlackTeamCountry "RUS"]

1. e4 e5 2. Nf3 Nc6 3. Bc4 Bc5 4. c3 Nf6 5. d4 exd4 6. 0-0 Nxe4 7. cxd4 d5 8. dxc5 dxc4 9. Qe2 Qe7 10. Qxc4 Nxc5 11. Bg5 f6 12. Be3 Ne6 13. Nc3 0-0 14. Nd5 Qf7 15. Rfd1 Ne5 16. Nxe5 fxe5 17. Qb4 c6 18. Ne7+ Kh8 19. Nxc8 Raxc8 20. Qa5 c5 21. Qxa7 Nd4 22. Rf1 Qc7 23. Qa4 b5 24. Qd1 Qf7 25. Qd3 Rc6 26. Bxd4 exd4 27. Qxb5 Rcc8 28. Rac1 Qf5 29. Rcd1 Qc2 30. Rc1 Qf5 31. Qc4 Rb8 32. b3 Rbc8 33. Rcd1 Rc6 34. Rxd4 Rg6 35. Rd3 Rg4 36. Qc3 Rf4 37. Qd2 Qf6 38. Rd6 Qe5 39. Rd8 Qf6 40. Rxf8+ Qxf8 41. Qe3 Rf5 42. Re1 h6 43. h3 Rf7 44. Re2 Qd6 45. Qe5 Qd1+ 46. Re1 Qd2 47. Re2 Qd1+ 48. Kh2 Rf8 49. Qe7 Rd8 50. Re3 Qd4 51. Qe5 Qxe5+ 52. Rxe5 Rc8 53. Re2 Kh7 54. Rc2 Kg6 55. Rc4 Ra8 56. Rxc5 Rxa2 57. Kg3 Rb2 58. Rb5 Kf6 59. h4 g6 60. h5 gxh5 61. Rb8 Kg5 62. f3 h4+ 63. Kh2 Kf4 64. Rb4+ Kg5 65. Rg4+ Kh5 66. b4 h3 67. Kxh3 Rxg2 68. Rh4+ Kg5 69. f4+ 1-0